Principles of economics / (Record no. 1560)
[ view plain ]
| 000 -LEADER | |
|---|---|
| fixed length control field | 00928nac a22002895a 4500 |
| 008 - FIXED-LENGTH DATA ELEMENTS--GENERAL INFORMATION | |
| fixed length control field | 150824s2007 MAUac frb 001 0 eng d |
| 020 ## - INTERNATIONAL STANDARD BOOK NUMBER | |
| International Standard Book Number | 9780071106047 (pbk.) |
| 020 ## - INTERNATIONAL STANDARD BOOK NUMBER | |
| International Standard Book Number | 0071106049 (pbk.) |
| 020 ## - INTERNATIONAL STANDARD BOOK NUMBER | |
| International Standard Book Number | 9780071108157 |
| 020 ## - INTERNATIONAL STANDARD BOOK NUMBER | |
| International Standard Book Number | 0071108157 |
| 040 ## - CATALOGING SOURCE | |
| Original cataloging agency | EG-ScBUE |
| Language of cataloging | eng |
| Transcribing agency | EG-ScBUE |
| 082 ## - DEWEY DECIMAL CLASSIFICATION NUMBER | |
| Classification number | 330 |
| Item number | FRA |
| Edition number | 22 |
| 100 1# - MAIN ENTRY--PERSONAL NAME | |
| Personal name | Frank, Robert H. |
| 245 ## - TITLE STATEMENT | |
| Title | Principles of economics / |
| Statement of responsibility, etc | Robert H. Frank, Ben S. Bernanke, with the assistance of Roger T. Kaufman. |
| 250 ## - EDITION STATEMENT | |
| Edition statement | 3rd ed. |
| 260 ## - PUBLICATION, DISTRIBUTION, ETC. (IMPRINT) | |
| Place of publication, distribution, etc | Boston : |
| Name of publisher, distributor, etc | McGraw-Hill Irwin, |
| Date of publication, distribution, etc | 2007. |
| 300 ## - PHYSICAL DESCRIPTION | |
| Extent | 1 v. (various pagings) : |
| Other physical details | ill., (some col.), col. ports., ; |
| Dimensions | 28 cm. |
| 500 ## - GENERAL NOTE | |
| General note | Includes index. |
| 500 ## - GENERAL NOTE | |
| General note | Glossary. |
| 504 ## - BIBLIOGRAPHY, ETC. NOTE | |
| Bibliography, etc | Include bibliographical references. |
| 590 ## - LOCAL NOTE (RLIN) | |
| Local note | Menna Elemam |
| 650 ## - SUBJECT ADDED ENTRY--TOPICAL TERM | |
| Topical term or geographic name as entry element | Economics. |
| Source of heading or term | BUEsh |
| 651 ## - SUBJECT ADDED ENTRY--GEOGRAPHIC NAME | |
| Source of heading or term | BUEsh |
| 653 ## - INDEX TERM--UNCONTROLLED | |
| Resource For college | BAEPS, Economics |
| Arrived date list | August2015 |
| 700 1# - ADDED ENTRY--PERSONAL NAME | |
| Personal name | Bernanke, Ben. |
| 942 ## - ADDED ENTRY ELEMENTS (KOHA) | |
| Item type | |
| Call number prefix | 330 FRA |
| Source of classification or shelving scheme | Dewey Decimal Classification |
| Withdrawn status | Item status | Damaged status | Not for loan | Home library | Current library | Shelving location | Date acquired | Source of acquisition | Total Checkouts | Full call number | Barcode | Date last seen | Date last borrowed | Koha item type | Source of classification or shelving scheme | Vendor | Cost, normal purchase price | Total Renewals | Cost, replacement price | Materials specified (bound volume or other part) |
|---|---|---|---|---|---|---|---|---|---|---|---|---|---|---|---|---|---|---|---|---|
| Central Library | Central Library | First floor | 06/11/2005 | Purchase | 2 | 330 FRA | 000002794 | 15/07/2025 | 14/07/2015 | Book - Borrowing | ||||||||||
| Central Library | Central Library | First floor | 06/11/2005 | Purchase | 330 FRA | 000002793 | 15/07/2025 | NB - Book (Non borrowing) | ||||||||||||
| Central Library | Central Library | First floor | 06/11/2007 | 3 | 330 FRA | 000002748 | 15/07/2025 | 21/10/2020 | Book - Borrowing | Dewey Decimal Classification | 190.00 | 16 | 237.50 | |||||||
| Lost | Central Library | Central Library | First floor | 06/11/2007 | Purchase | 1 | 330 FRA | 000002747 | 20/03/2007 | Book - Borrowing | Dewey Decimal Classification | Lost In Inventory_2005-2015/8/22 | ||||||||
| Central Library | Central Library | First floor | 06/11/2007 | Purchase | 3 | 330 FRA | 000002746 | 15/07/2025 | 09/10/2011 | Book - Borrowing | 8 |